| 000 | 00633nmc a2200241 a 4500 | ||
|---|---|---|---|
| 003 | AR-BaBNM | ||
| 005 | 20251128203450.0 | ||
| 008 | 017019s1980 ||||||||||||||000 | spa|| | ||
| 040 | _cAR-BaBNM | ||
| 100 | 1 | _aZarur, Pedro | |
| 245 | 1 | 0 |
_aTengo un microscopio _b¿qué puedo observar? |
| 250 | _a1ª ed. | ||
| 260 |
_aBuenos Aires _bKapelusz _c1980 |
||
| 300 | 0 |
_a190 p. _bil. |
|
| 490 | 0 |
_aClub de ciencias _vv. 14 |
|
| 504 | _aBibliografía p. 189 | ||
| 650 | 4 | _aMICROSCOPIOS | |
| 650 | 4 | _aENSENANZA DE LA CIENCIA | |
| 650 | 4 | _aACTIVIDADES DE APRENDIZAJE | |
| 650 | 4 | _aLIBROS PARA NINOS | |
| 942 | _cBK | ||
| 998 | _cCarmen | ||
| 999 |
_c3504 _d3504 |
||